00732nam a22001697a 450000500170000001000130001702000260003003500110005603700130006708200110008010000600009124501490015124600950030026000520039527000920044730000230053920201209162121.0 aUR-10960 c400.00a9789389733808 aU-9515 bDBAD/PUB a808.88 aمر تبہ:محمد محا مد ہلا ل ا عظمی  aگا ند ھی جی :ا ر د و ا د با ء ا و ر شعر اء کی نظر میں cمر تبہ:محمد محا مد ہلا ل ا عظمی  bGandhi Ji : Urdu Adaba Aur Shora Ki Nazar Mein (Urdu)aEdited by Mohd. Muhamid Hilal Azmi aN.Delhi bEducational Publishing Housec2020 ء aH.O.D1/16,Ansari Road,Darya ganj,bN.Delhie110002k45678285,23216162l0091-11-23211540 a280 ص c22 Cm(Hb)